[Event "British Columbia op"]
[Site "Richmond CAN"]
[Date "2018.02.10"]
[Round "2.9"]
[White "Sadoughian-Zadeh, Farshad"]
[Black "Sohal, Tanraj"]
[Result "0-1"]
[WhiteElo "2099"]
[BlackElo "2373"]
[PlyCount "70"]
[EventDate "2018.02.10"]
[EventType "swiss"]
[EventRounds "6"]
[EventCountry "CAN"]

1. d4 Nf6 2. c4 e6 3. Nc3 Bb4 4. e3 O-O 5. Bd3 d5 6. Nf3 Nc6 7. O-O a6 8. Bd2
dxc4 9. Bxc4 Bd6 10. e4 e5 11. d5 Ne7 12. Nh4 Ng6 13. Nf5 Kh8 14. Qf3 Ng8 15.
Ne2 Nh4 16. Nxh4 Qxh4 17. g3 Qe7 18. g4 Qh4 19. h3 h5 20. Kg2 Nf6 21. Rh1 Kg8
22. Ng3 hxg4 23. hxg4 Qxg4 24. Qd3 Nd7 25. f3 Qg6 26. Rag1 b5 27. Bb3 Nc5 28.
Qe2 f5 29. Kf1 fxe4 30. Nh5 Bg4 31. Rh4 Rxf3+ 32. Ke1 Nd3+ 33. Kd1 Rf1+ 34.
Rxf1 Bxe2+ 35. Kxe2 Qg2+ 0-1

[Event "British Columbia op"]
[Site "Richmond CAN"]
[Date "2018.02.10"]
[Round "2.10"]
[White "Huang, Patrick"]
[Black "Landingin, Jofrei"]
[Result "0-1"]
[WhiteElo "2057"]
[BlackElo "1821"]
[PlyCount "64"]
[EventDate "2018.02.10"]
[EventType "swiss"]
[EventRounds "6"]
[EventCountry "CAN"]

1. e4 Nf6 2. e5 Nd5 3. d4 d6 4. exd6 cxd6 5. c4 Nb6 6. Nf3 g6 7. Be3 Bg7 8. Nc3
Bg4 9. h3 Bd7 10. Qd2 O-O 11. Bh6 f5 12. h4 e5 13. h5 exd4 14. Bxg7 Qe7+ 15.
Be2 Qxg7 16. Nxd4 Rf6 17. O-O-O g5 18. g4 fxg4 19. Ne4 Rf4 20. h6 Qe5 21. Rh5
Qxe4 22. Rxg5+ Kh8 23. f3 gxf3 24. Bxf3 Qxd4 25. Rg8+ Kxg8 26. Qg2+ Rg4 27.
Bxg4 Qxc4+ 28. Kb1 Qxg4 29. Qd2 Qg6+ 30. Ka1 Nc6 31. Qe3 Re8 32. Qb3+ Be6 0-1

[Event "British Columbia op"]
[Site "Richmond CAN"]
[Date "2018.02.11"]
[Round "3.1"]
[White "Kenney, Jason"]
[Black "Morozov, Grigory"]
[Result "0-1"]
[WhiteElo "2247"]
[BlackElo "2352"]
[PlyCount "70"]
[EventDate "2018.02.10"]
[EventType "swiss"]
[EventRounds "6"]
[EventCountry "CAN"]

1. c4 e6 2. g3 d5 3. Nf3 Nf6 4. Bg2 Be7 5. O-O O-O 6. b3 c5 7. Bb2 Nc6 8. cxd5
exd5 9. d4 Bg4 10. dxc5 Bxc5 11. Nc3 a6 12. Rc1 Qd6 13. Qc2 Rfe8 14. e3 Nb4 15.
Qb1 b5 16. a3 Nc6 17. Ng5 Re5 18. h4 Bf5 19. Qa1 h6 20. Nf3 Re7 21. Ne2 Bg4 22.
Nf4 Ne4 23. Rfd1 d4 24. exd4 Bb6 25. Nd3 Bxf3 26. Bxf3 Nxd4 27. Bxd4 Bxd4 28.
Nf4 Rd8 29. Bxe4 Rxe4 30. Qb1 Rxf4 31. gxf4 Qxf4 32. Qc2 Qxh4 33. Qf5 g6 34.
Qf3 Rd6 35. Rc6 Qxf2+ 0-1

[Event "British Columbia op"]
[Site "Richmond CAN"]
[Date "2018.02.11"]
[Round "3.3"]
[White "Nyamdorj, Davaa-Ochir"]
[Black "Doknjas, John"]
[Result "1-0"]
[WhiteElo "2223"]
[BlackElo "2296"]
[PlyCount "69"]
[EventDate "2018.02.10"]
[EventType "swiss"]
[EventRounds "6"]
[EventCountry "CAN"]

1. e4 e6 2. d4 d5 3. Nc3 Nf6 4. e5 Nfd7 5. f4 c5 6. Nf3 Nc6 7. Be3 Be7 8. Qd2
a6 9. Be2 b5 10. Nd1 b4 11. c3 a5 12. O-O f5 13. exf6 Nxf6 14. Nf2 cxd4 15.
cxd4 Ba6 16. Rac1 Qb6 17. Ne5 Nd8 18. g4 Qb7 19. Bxa6 Rxa6 20. Qe2 O-O 21. Rc2
Ra8 22. Rfc1 Bd6 23. g5 Nd7 24. Nfd3 Nf7 25. Qg4 Rfe8 26. g6 hxg6 27. Qxg6 Nf8
28. Qh5 Nh6 29. f5 Nxf5 30. Rc7 Bxc7 31. Qf7+ Kh8 32. Rxc7 Qb5 33. Bh6 Rac8 34.
Bxg7+ Kh7 35. Bxf8+ 1-0

[Event "British Columbia op"]
[Site "Richmond CAN"]
[Date "2018.02.11"]
[Round "3.4"]
[White "Sohal, Tanraj"]
[Black "Sali, Zulfikar"]
[Result "1-0"]
[WhiteElo "2373"]
[BlackElo "2233"]
[PlyCount "103"]
[EventDate "2018.02.10"]
[EventType "swiss"]
[EventRounds "6"]
[EventCountry "CAN"]

1. d4 Nf6 2. c4 g6 3. Nc3 Bg7 4. e4 O-O 5. Nf3 d6 6. Be2 Nbd7 7. O-O c5 8. d5
a6 9. Qc2 Rb8 10. a4 b6 11. h3 Qc7 12. Bf4 Nh5 13. Bh2 e5 14. dxe6 fxe6 15.
Rad1 Nf4 16. Bxf4 Rxf4 17. Qd2 Rxf3 18. Bxf3 Be5 19. g3 Nf8 20. Bg2 Bd7 21. b3
b5 22. axb5 axb5 23. Nxb5 Bxb5 24. cxb5 Rxb5 25. Qc2 Qb6 26. Rd3 Nd7 27. Kh2
Bd4 28. f4 Kg7 29. Qc4 Nf8 30. f5 d5 31. f6+ Bxf6 32. exd5 exd5 33. Qxd5 h5 34.
Rdf3 Nh7 35. Qd7+ Kh6 36. Rxf6 Nxf6 37. Rxf6 Qxf6 38. Qxb5 Qe5 39. Qc4 Kg7 40.
h4 Qe3 41. Qd5 Qc3 42. Bf1 Qe3 43. Bc4 Qf2+ 44. Qg2 Qf6 45. Qd2 Qf8 46. Qe3 Qd6
47. Kg2 Qf8 48. Qe5+ Kh7 49. Bd5 Qc8 50. Qf6 Qb8 51. Qf7+ Kh6 52. Qf4+ 1-0

[Event "British Columbia op"]
[Site "Richmond CAN"]
[Date "2018.02.11"]
[Round "3.5"]
[White "Landingin, Jofrei"]
[Black "Doknjas, Joshua"]
[Result "0-1"]
[WhiteElo "1821"]
[BlackElo "2263"]
[PlyCount "100"]
[EventDate "2018.02.10"]
[EventType "swiss"]
[EventRounds "6"]
[EventCountry "CAN"]

1. Nf3 c5 2. g3 g6 3. Bg2 Bg7 4. c3 e5 5. d3 Nc6 6. Bg5 Nge7 7. Qa4 O-O 8. O-O
d6 9. Nbd2 Bd7 10. Qc2 h6 11. Bxe7 Qxe7 12. Rfb1 f5 13. a3 Rae8 14. b4 b6 15.
Nh4 Kh7 16. b5 Nd8 17. a4 Qf7 18. a5 d5 19. axb6 axb6 20. Ra6 g5 21. Nhf3 e4
22. Ne1 Qe6 23. Nb3 Bxb5 24. Nd4 cxd4 25. Rxb5 dxc3 26. Rbxb6 exd3 27. Nxd3
Qxe2 28. Qxe2 Rxe2 29. Bxd5 Rd2 30. Nb4 c2 31. Nxc2 Rxd5 32. Ne3 Rd7 33. g4
fxg4 34. Nxg4 h5 35. Ne3 Rdf7 36. Rb5 Rf6 37. Ra7 Ne6 38. Re5 Nd4 39. Ree7 Rg6
40. Nd5 Nc6 41. Rxg7+ Rxg7 42. Ra6 Rg6 43. Ra2 Ne5 44. Re2 Re6 45. Ne3 Ng4 46.
Kg2 Rfe8 47. Ra2 Nxe3+ 48. fxe3 Rxe3 49. Ra7+ R8e7 50. Ra5 Kg6 0-1

[Event "British Columbia op"]
[Site "Richmond CAN"]
[Date "2018.02.11"]
[Round "3.6"]
[White "Gu, Chuyang"]
[Black "Verdon, Norman"]
[Result "1/2-1/2"]
[WhiteElo "1811"]
[BlackElo "2152"]
[PlyCount "96"]
[EventDate "2018.02.10"]
[EventType "swiss"]
[EventRounds "6"]
[EventCountry "CAN"]

1. e4 c6 2. d4 d5 3. Nc3 dxe4 4. Nxe4 Nf6 5. Nxf6+ exf6 6. Nf3 Bg4 7. c3 Bd6 8.
h3 Qe7+ 9. Be3 Bh5 10. Be2 O-O 11. O-O f5 12. Re1 Qc7 13. Bd3 f4 14. Bd2 h6 15.
Bf5 Nd7 16. Bg4 Bg6 17. Nh4 Bh7 18. Bf5 g6 19. Bd3 Rae8 20. Qf3 f5 21. Bc4+ Kg7
22. Qd3 Nf6 23. Nf3 Ne4 24. Re2 g5 25. Rae1 Re7 26. d5 c5 27. Bb3 Rfe8 28. Ba4
Rf8 29. b4 b6 30. bxc5 bxc5 31. c4 Bg6 32. Bc3+ Kh7 33. Nd2 Rff7 34. Nf1 Nxc3
35. Qxc3 Rxe2 36. Rxe2 Re7 37. Qe1 f3 38. gxf3 Rxe2 39. Qxe2 Qe7 40. Qxe7+ Bxe7
41. Ng3 Kg7 42. Bc2 Kf6 43. Kf1 h5 44. Ne2 Ke5 45. h4 gxh4 46. f4+ Kd6 47. Kg2
Bf6 48. Kh3 Kc7 1/2-1/2

[Event "British Columbia op"]
[Site "Richmond CAN"]
[Date "2018.02.11"]
[Round "3.7"]
[White "Zheng, Victor"]
[Black "Hemstapat, Andrew"]
[Result "0-1"]
[WhiteElo "1808"]
[BlackElo "2166"]
[PlyCount "112"]
[EventDate "2018.02.10"]
[EventType "swiss"]
[EventRounds "6"]
[EventCountry "CAN"]

1. Nf3 e6 2. d4 f5 3. c4 Nf6 4. g3 Be7 5. Bg2 O-O 6. O-O d6 7. Nc3 a5 8. a3 Nc6
9. Qc2 e5 10. d5 Nb8 11. Rb1 Na6 12. b4 axb4 13. axb4 Qe8 14. h4 h6 15. Bh3 Qh5
16. Kg2 Bd7 17. Ng1 Rae8 18. e4 f4 19. Bxd7 Nxd7 20. Qe2 Qf7 21. Qf3 c5 22. b5
Nb4 23. Nce2 Nb6 24. Bd2 Nxc4 25. Bxb4 cxb4 26. Qd3 Nb6 27. Nf3 Ra8 28. gxf4
Nd7 29. f5 Ra3 30. Qd2 Qh5 31. Neg1 Qg4+ 32. Kh2 Rxf3 33. Nxf3 Qxf3 34. Qe3
Qxe3 35. fxe3 Bxh4 36. Rxb4 Ra8 37. Kh3 Bg5 38. Re1 Nc5 39. Re2 Ra3 40. Kg4 Kf7
41. Kf3 Kf6 42. Rbb2 Ra4 43. Ra2 Rxe4 44. Ra8 Kxf5 45. Rf8+ Bf6 46. Rc2 Rb4 47.
Rg2 e4+ 48. Kg3 Ke5 49. Re8+ Kxd5 50. Rd2+ Nd3 51. Kg4 Rxb5 52. Kf5 Be5 53. Rc8
Rb2 54. Rxb2 Bxb2 55. Rc7 Nc5 56. Kg6 Be5 0-1

[Event "British Columbia op"]
[Site "Richmond CAN"]
[Date "2018.02.11"]
[Round "3.8"]
[White "McLaren, Brian"]
[Black "Cheng, Louis"]
[Result "0-1"]
[WhiteElo "2157"]
[BlackElo "1994"]
[PlyCount "68"]
[EventDate "2018.02.10"]
[EventType "swiss"]
[EventRounds "6"]
[EventCountry "CAN"]

1. e4 c5 2. Nc3 Nc6 3. g3 g6 4. Bg2 Bg7 5. d3 d6 6. Be3 h5 7. h3 Bd7 8. Qd2 Qa5
9. f4 Nd4 10. Nf3 Nxf3+ 11. Bxf3 Rc8 12. Bg2 e6 13. O-O Ne7 14. d4 c4 15. e5
Nf5 16. Bf2 d5 17. Qe1 Qb6 18. Rb1 Bf8 19. Ne2 Qa6 20. Ra1 Be7 21. Bf3 b5 22.
Kg2 b4 23. Rh1 Qb6 24. g4 Ng7 25. Bh4 Qd8 26. Bxe7 Qxe7 27. Ng3 g5 28. f5 exf5
29. gxf5 Nxf5 30. Nxh5 Nh4+ 31. Kg3 Nxf3 32. Nf6+ Qxf6 33. exf6+ Nxe1 34.
Raxe1+ Be6 0-1

[Event "British Columbia op"]
[Site "Richmond CAN"]
[Date "2018.02.11"]
[Round "3.9"]
[White "Patterson, Roger"]
[Black "Doknjas, Neil"]
[Result "1-0"]
[WhiteElo "2116"]
[BlackElo "1897"]
[PlyCount "115"]
[EventDate "2018.02.10"]
[EventType "swiss"]
[EventRounds "6"]
[EventCountry "CAN"]

1. e4 c5 2. Nf3 d6 3. d4 cxd4 4. Nxd4 Nf6 5. Nc3 a6 6. f4 e5 7. Nf3 Nbd7 8. a4
Be7 9. Bd3 O-O 10. O-O Qc7 11. Kh1 exf4 12. Bxf4 Ne5 13. Nxe5 dxe5 14. Bg5 Be6
15. Qe1 Ng4 16. Bxe7 Qxe7 17. Qg3 Qc5 18. Rae1 Kh8 19. Nd5 Rad8 20. h3 Nh6 21.
Qxe5 Bxd5 22. exd5 Qxd5 23. Qxd5 Rxd5 24. Re7 Rb8 25. Rfe1 g6 26. Re8+ Rxe8 27.
Rxe8+ Kg7 28. Re7 b5 29. axb5 axb5 30. Rb7 Nf5 31. Rxb5 Rxb5 32. Bxb5 Kf6 33.
Kg1 Ke5 34. Kf2 h6 35. Bd3 Nd6 36. Ke3 f5 37. c3 g5 38. b4 Kd5 39. Be2 Ke5 40.
c4 Ne4 41. Bf3 Nf6 42. c5 h5 43. Bc6 Ng8 44. b5 Ne7 45. Bb7 Ke6 46. Kd4 h4 47.
Bf3 Ng6 48. b6 Kd7 49. c6+ Kd6 50. b7 Kc7 51. Kd5 g4 52. hxg4 fxg4 53. Bxg4
Nf4+ 54. Kc5 Nd3+ 55. Kb5 Nf4 56. Ka6 Kb8 57. c7+ Kxc7 58. Ka7 1-0

[Event "British Columbia op"]
[Site "Richmond CAN"]
[Date "2018.02.11"]
[Round "3.10"]
[White "Zhu, Brandon"]
[Black "Zheng, Maven"]
[Result "1-0"]
[WhiteElo "2081"]
[BlackElo "1845"]
[PlyCount "125"]
[EventDate "2018.02.10"]
[EventType "swiss"]
[EventRounds "6"]
[EventCountry "CAN"]

1. d4 d5 2. c4 e6 3. Nf3 Nf6 4. g3 Be7 5. Bg2 O-O 6. O-O Nbd7 7. Nc3 b6 8. Ne5
Bb7 9. Qa4 Nxe5 10. dxe5 Ne4 11. Nxe4 dxe4 12. Rd1 Qc8 13. Qc2 Rd8 14. Bf4 c5
15. Bxe4 Bxe4 16. Qxe4 Qc7 17. h4 a6 18. Kg2 b5 19. b3 Rab8 20. Rd3 Qa5 21. Bg5
Rxd3 22. exd3 Bf8 23. Qe1 Qc7 24. Rc1 b4 25. Qd2 h6 26. Be3 Rd8 27. f4 a5 28.
Rd1 Qd7 29. Qe2 Be7 30. d4 cxd4 31. Rxd4 Qc7 32. Rxd8+ Qxd8 33. Qf3 Qc7 34.
Qa8+ Kh7 35. Qe4+ Kg8 36. Kf1 Kh8 37. Ke2 Kg8 38. h5 Bc5 39. Bd2 Qd8 40. Be1
Bb6 41. g4 f6 42. Bh4 Qe7 43. exf6 gxf6 44. Qg6+ Qg7 45. Qe8+ Kh7 46. Qxe6 Bd8
47. Qe4+ Kh8 48. Qe8+ Kh7 49. Qg6+ Qxg6 50. hxg6+ Kxg6 51. f5+ Kf7 52. Kd3 Ke7
53. Ke4 Kd6 54. Bg3+ Kc6 55. Bf4 Be7 56. Bxh6 Bd8 57. Bf8 Bc7 58. Be7 Be5 59.
g5 Kd7 60. Bxf6 Bxf6 61. gxf6 Ke8 62. Ke5 Kf7 63. c5 1-0

[Event "British Columbia op"]
[Site "Richmond CAN"]
[Date "2018.02.11"]
[Round "4.1"]
[White "Morozov, Grigory"]
[Black "Nyamdorj, Davaa-Ochir"]
[Result "0-1"]
[WhiteElo "2352"]
[BlackElo "2223"]
[PlyCount "102"]
[EventDate "2018.02.10"]
[EventType "swiss"]
[EventRounds "6"]
[EventCountry "CAN"]

1. d4 Nf6 2. c4 e6 3. Nf3 d5 4. Nc3 Be7 5. Bg5 h6 6. Bh4 O-O 7. e3 Ne4 8. Bxe7
Qxe7 9. Qc2 Nxc3 10. bxc3 dxc4 11. Bxc4 c5 12. O-O b6 13. Ne5 Bb7 14. f4 Nd7
15. Bd3 Rac8 16. Nxd7 Qxd7 17. Qd2 cxd4 18. exd4 b5 19. Rab1 a6 20. Rfe1 Qc7
21. Rbc1 Qd6 22. Bb1 Rfd8 23. Rcd1 Qc7 24. Rc1 Qd6 25. Red1 Qd5 26. Qe2 Rc7 27.
Qb2 b4 28. cxb4 Rxc1 29. Rxc1 Qxd4+ 30. Qxd4 Rxd4 31. a3 Rd2 32. Rc7 Rxg2+ 33.
Kf1 Rxh2 34. Bd3 Rd2 35. Be2 Bg2+ 36. Ke1 Ra2 37. Rc3 g6 38. Bxa6 h5 39. Bc4
Rb2 40. Rb3 Rc2 41. Bd3 Ra2 42. Be2 h4 43. Bg4 f5 44. Bh3 Bd5 45. Rc3 Kf7 46.
b5 Rb2 47. Bf1 e5 48. fxe5 g5 49. a4 g4 50. a5 g3 51. Rc7+ Ke6 0-1

[Event "British Columbia op"]
[Site "Richmond CAN"]
[Date "2018.02.11"]
[Round "4.2"]
[White "MacKinnon, Keith"]
[Black "Sohal, Tanraj"]
[Result "1-0"]
[WhiteElo "2262"]
[BlackElo "2373"]
[PlyCount "125"]
[EventDate "2018.02.10"]
[EventType "swiss"]
[EventRounds "6"]
[EventCountry "CAN"]

1. e4 c5 2. Nf3 e6 3. d4 cxd4 4. Nxd4 Nf6 5. Nc3 Nc6 6. Ndb5 d6 7. Bf4 e5 8.
Bg5 a6 9. Na3 b5 10. Nd5 Be7 11. Bxf6 Bxf6 12. c4 b4 13. Nc2 Rb8 14. b3 Bg5 15.
g3 O-O 16. h4 Bh6 17. Bh3 Be6 18. Kf1 Qd7 19. Kg2 a5 20. Qf3 Kh8 21. Rad1 Qa7
22. Nce3 Bxe3 23. Qxe3 Qe7 24. Rd3 Nd8 25. Rhd1 Nb7 26. f3 Bxh3+ 27. Kxh3 f5
28. exf5 Rxf5 29. Kg2 Rbf8 30. Qe2 Qf7 31. Rf1 Qg6 32. Ne3 R5f7 33. Rd5 Nc5 34.
Qd1 Rf6 35. h5 Qxh5 36. Rxd6 Qg6 37. Rxf6 Qxf6 38. Qd5 Qe7 39. Ng4 Rd8 40. Qc6
h6 41. Rf2 Nd3 42. Re2 Qg5 43. Qc7 Rf8 44. Qd6 Rd8 45. Qb6 Rf8 46. Qe3 Qf5 47.
Qe4 Qxe4 48. Rxe4 Rd8 49. Re2 Kh7 50. Nf2 Kg6 51. Ne4 Kf5 52. Kf1 Nc1 53. Rc2
Rd1+ 54. Kf2 g5 55. c5 g4 56. c6 gxf3 57. c7 Kxe4 58. Rc4+ Rd4 59. Rxc1 Rd2+
60. Kf1 Rh2 61. Re1+ Kd3 62. c8=Q Rh1+ 63. Kf2 1-0

[Event "British Columbia op"]
[Site "Richmond CAN"]
[Date "2018.02.11"]
[Round "4.4"]
[White "Doknjas, John"]
[Black "Zhu, Brandon"]
[Result "1-0"]
[WhiteElo "2296"]
[BlackElo "2081"]
[PlyCount "71"]
[EventDate "2018.02.10"]
[EventType "swiss"]
[EventRounds "6"]
[EventCountry "CAN"]

1. d4 d5 2. Nf3 Nf6 3. e3 e6 4. Bd3 a6 5. O-O Be7 6. Nbd2 O-O 7. b3 c5 8. dxc5
Bxc5 9. e4 Nc6 10. a3 Qe7 11. Bb2 Rd8 12. Qe2 dxe4 13. Nxe4 Nd4 14. Nxd4 Bxd4
15. Bxd4 Rxd4 16. Nxf6+ Qxf6 17. Rad1 g6 18. Be4 Rxd1 19. Rxd1 Rb8 20. Qe3 Kg7
21. Qc5 Qf4 22. Bf3 b6 23. Qc3+ f6 24. g3 Qe5 25. Qxe5 fxe5 26. Rd8 Kf7 27. Be4
a5 28. c4 Ke7 29. Rh8 Kf6 30. h4 Kg7 31. Rd8 h6 32. Bc6 a4 33. bxa4 Kf6 34. Bd7
Ra8 35. Rxc8 Ra7 36. Bb5 1-0

[Event "British Columbia op"]
[Site "Richmond CAN"]
[Date "2018.02.11"]
[Round "4.5"]
[White "Verdon, Norman"]
[Black "Kenney, Jason"]
[Result "0-1"]
[WhiteElo "2152"]
[BlackElo "2247"]
[PlyCount "75"]
[EventDate "2018.02.10"]
[EventType "swiss"]
[EventRounds "6"]
[EventCountry "CAN"]

1. d4 Nf6 2. Nf3 g6 3. g3 Bg7 4. Bg2 O-O 5. O-O d6 6. Nc3 Na6 7. e4 c5 8. h3
cxd4 9. Nxd4 Nc5 10. Nb3 Nxb3 11. axb3 a6 12. Be3 Rb8 13. Ba7 Ra8 14. Bd4 Nd7
15. Bxg7 Kxg7 16. Qd4+ f6 17. Nd5 b5 18. Qc3 Bb7 19. Nc7 Nc5 20. Nxa8 Qxa8 21.
Qe3 f5 22. Qd4+ Kg8 23. b4 Ne6 24. Qb6 fxe4 25. c4 bxc4 26. b5 Nc5 27. bxa6
Bxa6 28. Rfe1 Qb7 29. Qxb7 Bxb7 30. Ra7 Rb8 31. Rea1 Kf8 32. R1a5 Bd5 33. Rc7
Rxb2 34. Rcxc5 dxc5 35. Rxc5 e6 36. Rc7 e3 37. f3 Rb1+ 38. Kh2 0-1

[Event "British Columbia op"]
[Site "Richmond CAN"]
[Date "2018.02.11"]
[Round "4.6"]
[White "Sali, Zulfikar"]
[Black "Patterson, Roger"]
[Result "1-0"]
[WhiteElo "2233"]
[BlackElo "2116"]
[PlyCount "79"]
[EventDate "2018.02.10"]
[EventType "swiss"]
[EventRounds "6"]
[EventCountry "CAN"]

1. e4 e5 2. Nf3 Nc6 3. Bb5 a6 4. Bxc6 dxc6 5. O-O Qd6 6. d3 Be6 7. Be3 Nf6 8.
Qe2 c5 9. h3 Be7 10. Nbd2 Nd7 11. Nc4 Bxc4 12. dxc4 O-O 13. Rad1 Qe6 14. Qd3
Bd6 15. Nh4 g6 16. b3 Rfe8 17. Bh6 Nf6 18. Rfe1 Nh5 19. g4 Nf4 20. Bxf4 exf4
21. Qd5 b5 22. Nf3 bxc4 23. bxc4 Qxd5 24. cxd5 f6 25. Rb1 g5 26. Kg2 Rab8 27.
Nd2 Be5 28. Rxb8 Rxb8 29. Rb1 Rb6 30. Rb3 Kf7 31. Nc4 Rxb3 32. cxb3 Bc3 33. Kf3
Ke7 34. Ke2 Kd7 35. Kd3 Bd4 36. f3 c6 37. Na5 cxd5 38. exd5 Kd6 39. Ke4 Bc3 40.
Nb7+ 1-0

[Event "British Columbia op"]
[Site "Richmond CAN"]
[Date "2018.02.11"]
[Round "4.7"]
[White "Hemstapat, Andrew"]
[Black "Gu, Chuyang"]
[Result "1-0"]
[WhiteElo "2166"]
[BlackElo "1811"]
[PlyCount "115"]
[EventDate "2018.02.10"]
[EventType "swiss"]
[EventRounds "6"]
[EventCountry "CAN"]

1. e4 c5 2. Nc3 Nc6 3. d3 g6 4. g3 Bg7 5. Bg2 e6 6. Be3 Nd4 7. Qd2 Ne7 8. Nge2
O-O 9. h4 h5 10. Nd1 d5 11. c3 Nxe2 12. Qxe2 d4 13. Bd2 e5 14. c4 Nc6 15. Rb1
a5 16. f3 Nb4 17. a3 Nc6 18. Nf2 f5 19. g4 f4 20. gxh5 gxh5 21. Qf1 Kf7 22. Ke2
Bf6 23. Bh3 Rg8 24. Be1 a4 25. Rd1 Rb8 26. Rc1 Qb6 27. Bxc8 Qxb2+ 28. Bd2 Rbxc8
29. Rb1 Qxa3 30. Rxb7+ Ne7 31. Qh3 Rb8 32. Rhb1 Rxb7 33. Rxb7 Rg1 34. Nd1 Qa1
35. Nf2 a3 36. Rb6 Kg7 37. Rb5 a2 38. Rxc5 Qb1 39. Ra5 a1=Q 40. Rxa1 Qxa1 41.
Bb4 Qb2+ 42. Bd2 Qb1 43. c5 Qc2 44. Qe6 Qxc5 45. Qa2 Bxh4 46. Nh3 Qc8 47. Nxg1
Bg3 48. Qa7 Kf6 49. Qb6+ Qe6 50. Qd8 h4 51. Kf1 Qc8 52. Qd6+ Kf7 53. Qxe5 Qc2
54. Ke2 Nc6 55. Qd5+ Ke7 56. Nh3 Ke8 57. Ng5 Ne7 58. Qxd4 1-0

[Event "British Columbia op"]
[Site "Richmond CAN"]
[Date "2018.02.11"]
[Round "4.8"]
[White "Cheng, Louis"]
[Black "Landingin, Jofrei"]
[Result "1-0"]
[WhiteElo "1994"]
[BlackElo "1821"]
[PlyCount "73"]
[EventDate "2018.02.10"]
[EventType "swiss"]
[EventRounds "6"]
[EventCountry "CAN"]

1. d4 f5 2. Nf3 e6 3. Nbd2 d5 4. c4 c6 5. Qb3 Nf6 6. e3 Bd6 7. Bd3 Ne4 8. O-O
O-O 9. cxd5 cxd5 10. Ne5 Nd7 11. Nxd7 Qxd7 12. f3 Nf6 13. Kh1 b6 14. e4 fxe4
15. fxe4 Bxh2 16. e5 Ng4 17. Bxh7+ Kxh7 18. Rxf8 Qe7 19. Qh3+ Nh6 20. Rf2 Ba6
21. Kxh2 Rh8 22. Kg1 Kg8 23. Qa3 Qxa3 24. bxa3 Nf5 25. Rxf5 exf5 26. Nf3 Kf7
27. Bd2 Bc4 28. Re1 Bxa2 29. e6+ Ke8 30. Ne5 Rh4 31. Rc1 Rxd4 32. Rc8+ Ke7 33.
Nc6+ Kxe6 34. Nxd4+ Ke5 35. Nf3+ Ke4 36. Rc2 Bb3 37. Rc3 1-0

[Event "British Columbia op"]
[Site "Richmond CAN"]
[Date "2018.02.11"]
[Round "4.9"]
[White "Zhou, Aiden"]
[Black "Sadoughian-Zadeh, Farshad"]
[Result "1-0"]
[WhiteElo "2019"]
[BlackElo "2099"]
[PlyCount "85"]
[EventDate "2018.02.10"]
[EventType "swiss"]
[EventRounds "6"]
[EventCountry "CAN"]

1. d4 Nf6 2. c4 g6 3. Nc3 Bg7 4. e4 d6 5. Bd3 O-O 6. Nge2 Nc6 7. O-O e5 8. d5
Ne7 9. f3 Nd7 10. Be3 f5 11. b4 f4 12. Bf2 g5 13. c5 Rf6 14. Rc1 Rh6 15. Nb5 a6
16. cxd6 axb5 17. dxe7 Qxe7 18. Rxc7 Qd8 19. Rc2 Nf8 20. Nc3 Qe8 21. Nxb5 Qh5
22. h3 Bxh3 23. gxh3 Qxh3 24. Bc5 g4 25. fxg4 Rg6 26. Rg2 Rxa2 27. Rxa2 Rxg4+
28. Kf2 Rg2+ 29. Ke1 Rxa2 30. Qf3 Qh2 31. Rf2 Qg1+ 32. Bf1 Ra1+ 33. Kd2 Qg6 34.
Bc4 Qa6 35. Rf1 Nd7 36. Rxa1 Qxa1 37. Qa3 Qh1 38. Qa8+ Kf7 39. d6+ Kg6 40. Qe8+
Kh6 41. Qxd7 Qxe4 42. Qh3+ Kg5 43. Bd3 1-0

[Event "British Columbia op"]
[Site "Richmond CAN"]
[Date "2018.02.11"]
[Round "4.10"]
[White "Palamakumbura, Sudharaka"]
[Black "Chung, Alec"]
[Result "1-0"]
[WhiteElo "1965"]
[BlackElo "1797"]
[PlyCount "63"]
[EventDate "2018.02.10"]
[EventType "swiss"]
[EventRounds "6"]
[EventCountry "CAN"]

1. e4 c5 2. Nf3 d6 3. d4 cxd4 4. Nxd4 Nf6 5. Nc3 a6 6. Be2 e5 7. Nb3 Be6 8. Be3
Be7 9. O-O Nbd7 10. f3 Rc8 11. a4 Qc7 12. Qd2 Nb6 13. a5 Nc4 14. Bxc4 Bxc4 15.
Bb6 Qc6 16. Rfd1 Nd7 17. Nd5 Bd8 18. Nb4 Bxb6+ 19. axb6 Qxb6+ 20. Kh1 Bxb3 21.
cxb3 Nc5 22. Nd5 Qxb3 23. Qg5 O-O 24. Ne7+ Kh8 25. Nxc8 Rxc8 26. Rxd6 Ne6 27.
Qe7 Qe3 28. Rad1 h6 29. Qxf7 Ng5 30. Rd8+ Rxd8 31. Rxd8+ Kh7 32. Qf5+ 1-0

[Event "British Columbia op"]
[Site "Richmond CAN"]
[Date "2018.02.12"]
[Round "5.1"]
[White "Nyamdorj, Davaa-Ochir"]
[Black "MacKinnon, Keith"]
[Result "1/2-1/2"]
[WhiteElo "2223"]
[BlackElo "2262"]
[PlyCount "110"]
[EventDate "2018.02.10"]
[EventType "swiss"]
[EventRounds "6"]
[EventCountry "CAN"]

1. e4 c5 2. Nf3 e6 3. d4 cxd4 4. Nxd4 a6 5. Bd3 Nf6 6. O-O Qc7 7. Qe2 Bd6 8. f4
Bc5 9. Be3 h5 10. Nb3 Bxe3+ 11. Qxe3 d6 12. c4 Nc6 13. Nc3 Ng4 14. Qf3 Qb6+ 15.
Kh1 Nd4 16. Nxd4 Qxd4 17. Rae1 Bd7 18. e5 Bc6 19. Be4 Rc8 20. Rd1 Qe3 21. exd6
Qxf3 22. Rxf3 f5 23. d7+ Bxd7 24. Bxb7 Rb8 25. Bxa6 Rxb2 26. Kg1 Ke7 27. Bb5
Bxb5 28. cxb5 Rc8 29. h3 Nf6 30. Rc1 Rc4 31. Re1 Ne4 32. Nxe4 fxe4 33. Rg3 Kf6
34. Rg5 Rxa2 35. Rb1 Rcc2 36. b6 Rab2 37. Rxb2 Rxb2 38. Rxh5 Rxb6 39. Re5 Rb4
40. Kf2 Rb2+ 41. Kg3 Rb3+ 42. Kh4 Rb2 43. g4 Rb4 44. g5+ Kf7 45. Kg4 Ra4 46. h4
Rb4 47. h5 Rb1 48. Rxe4 Rg1+ 49. Kf3 Rh1 50. Ra4 Rxh5 51. Ra7+ Kf8 52. Ke4 Rh1
53. Ke5 Re1+ 54. Kd6 g6 55. Ra4 Kf7 1/2-1/2

[Event "British Columbia op"]
[Site "Richmond CAN"]
[Date "2018.02.12"]
[Round "5.2"]
[White "Sali, Zulfikar"]
[Black "Morozov, Grigory"]
[Result "0-1"]
[WhiteElo "2233"]
[BlackElo "2352"]
[PlyCount "84"]
[EventDate "2018.02.10"]
[EventType "swiss"]
[EventRounds "6"]
[EventCountry "CAN"]

1. e4 e6 2. d4 d5 3. Nc3 Bb4 4. e5 Qd7 5. a3 Bf8 6. Qg4 b6 7. Bb5 c6 8. Ba4 Ba6
9. Nf3 Ne7 10. h4 h5 11. Qh3 Nf5 12. Bg5 Bc4 13. g4 hxg4 14. Qxg4 b5 15. Bb3 c5
16. Bxc4 bxc4 17. dxc5 Nc6 18. Rd1 Rb8 19. O-O Bxc5 20. Rfe1 Be7 21. Ne4 Rxb2
22. Nd6+ Bxd6 23. exd6 Kf8 24. Bf4 f6 25. Re2 Rb7 26. Rde1 Nfd4 27. Bg3 Nxe2+
28. Rxe2 e5 29. Qg6 Rh6 30. Nxe5 fxe5 31. Qg5 Rxd6 32. Bxe5 Nxe5 33. Rxe5 Qh3
34. Re1 Qf3 35. h5 Rf6 36. Qe5 Qxf2+ 37. Kh1 Qf3+ 38. Kg1 Kg8 39. a4 Rbf7 40.
a5 Rf5 41. Qe8+ Kh7 42. Qe6 Rg5+ 0-1

[Event "British Columbia op"]
[Site "Richmond CAN"]
[Date "2018.02.12"]
[Round "5.4"]
[White "Kenney, Jason"]
[Black "Doknjas, John"]
[Result "1-0"]
[WhiteElo "2247"]
[BlackElo "2296"]
[PlyCount "59"]
[EventDate "2018.02.10"]
[EventType "swiss"]
[EventRounds "6"]
[EventCountry "CAN"]

1. d4 Nf6 2. Nf3 e6 3. e3 c5 4. c4 d5 5. cxd5 exd5 6. Bb5+ Bd7 7. Bxd7+ Qxd7 8.
O-O Nc6 9. b3 b6 10. Bb2 Be7 11. Nbd2 O-O 12. Rc1 Rfd8 13. dxc5 bxc5 14. Bxf6
gxf6 15. Nh4 Ne5 16. e4 Nd3 17. Nf5 Nxc1 18. Qg4+ Kf8 19. Rxc1 Qe6 20. exd5
Rxd5 21. Qg7+ Ke8 22. Qh8+ Kd7 23. Qxa8 Qxf5 24. Nc4 Qe6 25. Qxa7+ Ke8 26. Kf1
Qf5 27. Re1 Qd3+ 28. Kg1 Rd7 29. Qxc5 Kf8 30. Qe3 1-0